000 00286nam a2200121Ia 4500
008 240731s9999 xx 000 0 und d
022 _a2164-7267
245 0 _aPeacebuilding
260 _bRoutledge
856 _uhttps://www.tandfonline.com/loi/rpcb20
942 _2ddc
942 _cTFEJ
999 _c78882
_d78882
945 _a1
_bMadushi Gamage
_c1
_dMadushi Gamage